Governance, politics and the environment : a Singapore study /

Bibliographic Details
Main Author: Francesch-Huidobro, Maria
Corporate Author: Institute of Southeast Asian Studies
Format: Book
Published: Singapore: Institute of Southeast Asian Studies, 2008.
Subjects:
LEADER 00844cam a2200229 7i4500
001 0000011320
005 20151104090000.0
005 ##20151104112700.0
003 ##MY-KlINT
020 # # |a 9789812308313  
039 # 9 |y 201511041127  |z VLOAD 
090 0 0 |a 320.58095957   |b FRA 
100 1 # |a Francesch-Huidobro, Maria 
245 1 0 |a Governance, politics and the environment :   |b a Singapore study /   |c Maria Francesch-Huidobro. 
260 # # |a Singapore:   |b Institute of Southeast Asian Studies,   |c 2008. 
300 # # |a xxi, 394p:   |b ill., maps;   |c 23cm. 
650 # 0 |a Environmental policy Singapore  
650 # 0 |a Civil society Singapore  
650 # 0 |a Singapore --   |x Politics and government  
650 # 0 |a Environmental protection Singapore Citizen participation  
710 0 # |a Institute of Southeast Asian Studies.  
999 |a 0000064749  |b BOOK  |c Main Non-Fiction  |e INTAN BK